[Event "Asian Nations Cup 2016"]
[Site "Abu Dhabi UAE"]
[Date "2016.03.29"]
[Round "2.4"]
[White "Alattar, Ghayda M."]
[Black "Alkhaldi, Bader"]
[Result "1/2-1/2"]
[WhiteTitle "WFM"]
[WhiteElo "1952"]
[BlackElo "1943"]
[WhiteTeam "Jordan"]
[BlackTeam "Kuwait"]
[WhiteFideId "8101531"]
[BlackFideId "10300171"]
[EventDate "2016.03.28"]
[EventType "team"]

1. d4 d5 2. Nc3 Bf5 3. f3 Nf6 4. e3 e6 5. Bd3 Bg6 6. Nh3 c5 7. Nf4 Nc6 8. O-O
Bd6 9. Nb5 Bxf4 10. exf4 a6 11. Nc3 cxd4 12. Ne2 Qb6 13. Kh1 O-O 14. f5 exf5 15.
Nf4 Rfe8 16. a3 Re7 17. h4 Rae8 18. b3 Qc7 19. h5 Bxh5 20. Bxf5 Bg6 21. Bd3 Bxd3
22. Qxd3 Qe5 23. Bd2 Nh5 24. Nxh5 Qxh5+ 25. Kg1 Qh4 26. Rf2 Qf6 27. Rd1 Ne5 28.
Qf1 Ng6 29. f4 Re4 30. g3 Qf5 31. Qg2 h5 32. Bc1 Qg4 33. Rdf1 Qf5 34. Bd2 Qg4
35. f5 Ne5 36. Rf4 Rxf4 37. Bxf4 d3 38. Qxd5 Qxf5 39. cxd3 Qxd3 40. Qxb7 Ng4 41.
Qf3 Qd4+ 42. Kh1 f6 43. a4 Kh8 44. Bc1 Qc5 45. Bd2 Rd8 46. Be1 Qc2 47. Bf2 Rd2
48. Kg1 Re2 49. Qa8+ Kh7 50. Qf3 Re3 51. Qh1 Re5 52. Qb7 Rf5 53. Qb6 a5 54. Qd4
Kg6 55. Qb6 Qe2 56. Qd4 Qc2 57. Qb6 Qe2 58. Qd4 Qf3 59. Qb6 h4 60. gxh4 Qh3 61.
Qb8 Nxf2 62. Rxf2 Rxf2 63. Qe8+ Kh7 64. Qh5+ 1/2-1/2

[Event "Asian Nations Cup 2016"]
[Site "Abu Dhabi UAE"]
[Date "2016.03.29"]
[Round "2.1"]
[White "Amer, Said Salim Al Maashani"]
[Black "Hamdan, Marshool"]
[Result "0-1"]
[WhiteTitle "FM"]
[BlackTitle "FM"]
[WhiteElo "2128"]
[BlackElo "2003"]
[WhiteTeam "Oman"]
[BlackTeam "UAE - 2"]
[WhiteFideId "22000100"]
[BlackFideId "9303804"]
[EventDate "2016.03.28"]
[EventType "team"]

1. e4 g6 2. d4 Bg7 3. Nc3 c6 4. Be3 d6 5. Qd2 Nf6 6. f3 b5 7. a3 a6 8. g4 Nbd7
9. g5 Nh5 10. f4 h6 11. Nf3 Bb7 12. Rg1 c5 13. gxh6 Bxh6 14. d5 Qc7 15. Ng5 Nhf6
16. Bh3 Nb6 17. Nxf7 Kxf7 18. Be6+ Ke8 19. Qg2 Kd8 20. Qxg6 Bc8 21. O-O-O Bxe6
22. dxe6 Kc8 23. Nd5 Nbxd5 24. exd5 Kb7 25. Qd3 Rag8 26. Rg6 Rxg6 27. Qxg6 Qd8
28. b4 c4 29. a4 Qg8 30. Qf5 Qg4 31. Qxg4 Nxg4 32. Bd2 Nxh2 33. axb5 axb5 34.
Rh1 Nf3 35. Be3 Bg7 36. Rf1 Nh4 37. f5 Rf8 38. Rg1 Nxf5 39. Bg5 Bh6 40. Bxh6
Nxh6 41. Rg7 Re8 42. Kd2 Ng8 43. Ke3 Nf6 44. Kd4 Kc7 0-1

[Event "Asian Nations Cup 2016"]
[Site "Abu Dhabi UAE"]
[Date "2016.03.29"]
[Round "2.2"]
[White "Ahmed, Fareed"]
[Black "Al Mashikhi, Salim Aliyan"]
[Result "1/2-1/2"]
[WhiteTitle "FM"]
[WhiteElo "1995"]
[BlackElo "2088"]
[WhiteTeam "UAE - 2"]
[BlackTeam "Oman"]
[WhiteFideId "9303677"]
[BlackFideId "22000046"]
[EventDate "2016.03.28"]
[EventType "team"]

1. e4 c6 2. d4 d5 3. Nc3 Nf6 4. e5 Nfd7 5. f4 e6 6. Nf3 c5 7. Be3 Nc6 8. Qd2
cxd4 9. Nxd4 Bc5 10. O-O-O a6 11. h4 Qe7 12. h5 h6 13. Rh3 Bxd4 14. Bxd4 Nxd4
15. Qxd4 O-O 16. Bd3 Nc5 17. Kb1 Nxd3 18. Rdxd3 1/2-1/2

[Event "Asian Nations Cup 2016"]
[Site "Abu Dhabi UAE"]
[Date "2016.03.29"]
[Round "2.4"]
[White "Faisal, Ali"]
[Black "Salim, Mohammed Salim Al Amri"]
[Result "0-1"]
[BlackTitle "CM"]
[WhiteElo "1827"]
[BlackElo "2038"]
[WhiteTeam "UAE - 2"]
[BlackTeam "Oman"]
[WhiteFideId "9303758"]
[BlackFideId "22000089"]
[EventDate "2016.03.28"]
[EventType "team"]

1. e4 c6 2. d4 d5 3. e5 Bf5 4. Nf3 e6 5. Be2 c5 6. Be3 cxd4 7. Nxd4 Bg6 8. Nd2
Ne7 9. f4 Nec6 10. N2b3 Be7 11. O-O O-O 12. Bd3 Nxd4 13. Nxd4 Nc6 14. Bxg6 hxg6
15. Rf3 g5 16. Nxc6 bxc6 17. Rh3 g6 18. Qg4 Rb8 19. fxg5 Rb4 20. Bf4 Qb6+ 21.
Kh1 Qf2 22. g3 Re4 23. Rh6 Re2 24. Qh3 Qf3+ 25. Kg1 Bc5+ 0-1

[Event "Asian Nations Cup 2016"]
[Site "Abu Dhabi UAE"]
[Date "2016.03.29"]
[Round "2.1"]
[White "Shrestha, Bilam Lal"]
[Black "Weerawardane, Romesh"]
[Result "0-1"]
[WhiteTitle "FM"]
[BlackTitle "IM"]
[WhiteElo "2026"]
[BlackElo "2084"]
[WhiteTeam "Nepal"]
[BlackTeam "Sri Lanka"]
[WhiteFideId "12300047"]
[BlackFideId "9900373"]
[EventDate "2016.03.28"]
[EventType "team"]

1. e4 c5 2. Nf3 Nc6 3. d4 cxd4 4. Nxd4 g6 5. Be3 Bg7 6. Nc3 Nf6 7. Be2 O-O 8.
O-O d6 9. h3 a6 10. Qd2 Qc7 11. Rad1 Bd7 12. Nb3 b5 13. a3 Rac8 14. Bh6 Ne5 15.
Bxg7 Kxg7 16. f4 Nc4 17. Bxc4 bxc4 18. Nd4 Qb6 19. e5 Ne8 20. Nd5 Qd8 21. Qc3
Kg8 22. exd6 Nxd6 23. f5 Rc5 24. Qf3 gxf5 25. Nf6+ Kh8 26. Nxh7 Rg8 27. Qh5 Rg6
28. Rf4 Kg7 29. Ng5 Qh8 30. Qxh8+ Kxh8 31. Ngf3 e5 32. Rh4+ Kg7 33. Ne2 Bc6 34.
Ne1 Rb5 35. Rb1 Ne4 36. b4 Rd5 37. Rc1 Rd2 38. Kf1 c3 39. Nf3 Rxe2 40. Kxe2
Rxg2+ 41. Ke1 Bb5 42. Rd1 Re2+ 0-1

[Event "Asian Nations Cup 2016"]
[Site "Abu Dhabi UAE"]
[Date "2016.03.29"]
[Round "2.2"]
[White "Priyankara, Chamil"]
[Black "Shrestha, Rajendra Prasad"]
[Result "1-0"]
[WhiteElo "2016"]
[BlackElo "1922"]
[WhiteTeam "Sri Lanka"]
[BlackTeam "Nepal"]
[WhiteFideId "9901566"]
[BlackFideId "12300489"]
[EventDate "2016.03.28"]
[EventType "team"]

1. e4 c6 2. d4 d5 3. exd5 cxd5 4. Bd3 Nf6 5. c3 Nc6 6. Bf4 e6 7. Nf3 Bd6 8. Bxd6
Qxd6 9. O-O O-O 10. Qe2 Re8 11. Ne5 Nd7 12. Bxh7+ Kxh7 13. Qh5+ Kg8 14. Qxf7+
Kh7 15. Qh5+ Kg8 16. Qxe8+ Kh7 17. f4 Nf6 18. Qg6+ Kg8 19. Qf7+ Kh7 20. Rf3 1-0

[Event "Asian Nations Cup 2016"]
[Site "Abu Dhabi UAE"]
[Date "2016.03.29"]
[Round "2.3"]
[White "Shrestha, Sujendra Prasad"]
[Black "Edirisinghe, Dulan"]
[Result "1/2-1/2"]
[WhiteTitle "FM"]
[WhiteElo "1893"]
[BlackElo "2116"]
[WhiteTeam "Nepal"]
[BlackTeam "Sri Lanka"]
[WhiteFideId "12300519"]
[BlackFideId "9900446"]
[EventDate "2016.03.28"]
[EventType "team"]

1. e4 c5 2. Nf3 Nc6 3. d4 cxd4 4. Nxd4 g6 5. Nc3 Bg7 6. Be3 Nf6 7. f3 O-O 8. Qd2
d5 9. O-O-O dxe4 10. fxe4 Ng4 11. Nxc6 Qxd2+ 12. Bxd2 bxc6 13. Re1 Be6 14. Be2
Bxc3 15. Bxc3 Nf2 16. Rhf1 Nxe4 17. Bb4 Nd6 18. Bf3 Rac8 19. b3 c5 20. Bc3 c4
21. b4 Nb5 22. Kb2 Rfd8 23. a4 Nc7 24. h4 h5 25. Re5 f6 26. Ra5 a6 27. Re1 Kf7
28. Bb7 Rb8 29. Bxa6 Rd6 30. Rxe6 Nxe6 31. Bxc4 Ke8 32. Ra7 Nf4 33. g3 Nd5 34.
b5 Ne3 35. Bd3 Kf7 36. Bd2 Nd5 37. a5 Ke6 38. Kb3 Rd7 39. Rxd7 Kxd7 40. c4 Nc7
41. Ka4 f5 42. b6 Na6 43. Kb5 Nc7+ 44. Ka4 Na6 45. Be2 e5 46. Kb5 Nc7+ 47. Kc5
Na6+ 48. Kd5 Rc8 49. Be3 Nb4+ 50. Kxe5 Re8+ 51. Kf4 Nc2 52. Bf3 Nxe3 53. c5 Nc4
54. a6 Ne5 55. a7 Nc6 56. Kg5 Rg8 57. Bd5 Re8 58. Kxg6 Ne7+ 59. Kxh5 Nxd5 60. b7
Rg8 1/2-1/2

[Event "Asian Nations Cup 2016"]
[Site "Abu Dhabi UAE"]
[Date "2016.03.29"]
[Round "2.4"]
[White "Naotunna, Dineth Nimnaka"]
[Black "Baidya, Arun Shankar"]
[Result "1-0"]
[WhiteElo "2022"]
[BlackElo "1719"]
[WhiteTeam "Sri Lanka"]
[BlackTeam "Nepal"]
[WhiteFideId "9919228"]
[BlackFideId "12305251"]
[EventDate "2016.03.28"]
[EventType "team"]

1. d4 d5 2. Nf3 Nf6 3. Bf4 c6 4. Nbd2 Nbd7 5. e3 g6 6. Bd3 Bg7 7. Ne5 O-O 8. h4
Nh5 9. Bh2 f5 10. Qe2 Ndf6 11. f3 e6 12. O-O-O Ne4 13. Nxe4 dxe4 14. fxe4 f4 15.
Nf3 fxe3 16. Qxe3 Nf6 17. Ne5 Qa5 18. Kb1 Bd7 19. g4 Rad8 20. h5 Be8 21. Bc4 Rd6
22. hxg6 hxg6 23. g5 Nh5 24. Nxg6 Bxg6 25. Bxd6 Re8 26. Qh3 b5 27. Bxe6+ Rxe6
28. Qxe6+ Bf7 29. Qc8+ 1-0

[Event "Asian Nations Cup 2016"]
[Site "Abu Dhabi UAE"]
[Date "2016.03.29"]
[Round "2.1"]
[White "Asefi, Zaheeruddeen"]
[Black "Zayed, Ali Al-hamed"]
[Result "0-1"]
[WhiteTitle "FM"]
[WhiteElo "2020"]
[BlackElo "1987"]
[WhiteTeam "Afghanistan"]
[BlackTeam "UAE - 3"]
[WhiteFideId "11700025"]
[BlackFideId "9303340"]
[EventDate "2016.03.28"]
[EventType "team"]

1. d4 Nf6 2. Nf3 g6 3. c4 Bg7 4. Nc3 d5 5. h3 O-O 6. Bf4 c5 7. e3 cxd4 8. exd4
Nc6 9. Be2 b6 10. O-O Bb7 11. Re1 Rc8 12. Qa4 dxc4 13. Bxc4 Na5 14. Bf1 Bc6 15.
Qd1 Bb7 16. Ne5 Nd5 17. Nxd5 Qxd5 18. Qa4 e6 19. Rac1 Rfd8 20. Rxc8 Rxc8 21. Nf3
Qf5 22. Bg3 Bc6 23. Qd1 Bxf3 24. gxf3 Rd8 25. Re4 Nc6 26. Qa4 Nxd4 27. Rf4 Qd5
28. Kg2 e5 29. Bc4 b5 30. Bxd5 bxa4 31. Bxf7+ Kf8 32. Re4 Kxf7 33. Bxe5 Bxe5 34.
Rxe5 Nc6 35. Rc5 Rd6 36. a3 Ke6 37. Rc4 Kd5 38. Rxa4 Kc5 39. Re4 Rd2 40. b3 Ra2
41. Ra4 Kb5 42. f4 Rb2 43. f5 Rxb3 44. Rf4 gxf5 45. Rxf5+ Ka4 46. Rc5 Rb6 47.
Rc3 a5 48. h4 Na7 49. Rc7 Nb5 50. Rxh7 Kxa3 51. h5 Kb3 52. Rg7 a4 53. Rg6 Rb7
54. Ra6 Rh7 55. h6 a3 56. Ra5 Kb4 57. Ra6 Nd4 58. Rb6+ Ka5 59. Rb1 Rxh6 0-1

[Event "Asian Nations Cup 2016"]
[Site "Abu Dhabi UAE"]
[Date "2016.03.29"]
[Round "2.2"]
[White "Mansour, Abbas"]
[Black "Mirzaad, S.wahabuddin"]
[Result "0-1"]
[WhiteElo "1818"]
[BlackElo "2053"]
[WhiteTeam "UAE - 3"]
[BlackTeam "Afghanistan"]
[WhiteFideId "9301402"]
[BlackFideId "11700785"]
[EventDate "2016.03.28"]
[EventType "team"]

1. e4 d5 2. exd5 Qxd5 3. Nc3 Qa5 4. d4 c6 5. Nf3 Bg4 6. h3 Bxf3 7. Qxf3 Nf6 8.
Bc4 e6 9. O-O Be7 10. Bb3 O-O 11. Bf4 Nbd7 12. Rfe1 Rfe8 13. Rad1 Qf5 14. g4 Qa5
15. g5 Nd5 16. Nxd5 cxd5 17. c3 Nf8 18. h4 Qb6 19. Kg2 Bd6 20. Bc1 Bc7 21. h5
Qd6 22. Rh1 Nd7 23. Bc2 Rf8 24. Qd3 f5 25. Bb3 f4 26. Bc2 Rf5 27. Kf1 Nf8 28.
Rg1 Qe7 29. Qf3 Rxg5 30. Bxf4 Rxg1+ 31. Kxg1 Qf6 32. Bxh7+ Nxh7 0-1

[Event "Asian Nations Cup 2016"]
[Site "Abu Dhabi UAE"]
[Date "2016.03.29"]
[Round "2.3"]
[White "Mehrad, Ahmad Tamim"]
[Black "Ali, Abdulaziz"]
[Result "1-0"]
[WhiteElo "1988"]
[BlackElo "1910"]
[WhiteTeam "Afghanistan"]
[BlackTeam "UAE - 3"]
[WhiteFideId "11700491"]
[BlackFideId "9304347"]
[EventDate "2016.03.28"]
[EventType "team"]

1. d4 d5 2. c4 dxc4 3. e3 Nf6 4. Bxc4 e6 5. Ne2 a6 6. a4 Nc6 7. O-O Bd6 8. Nbc3
Bxh2+ 9. Kxh2 Ng4+ 10. Kg3 h5 11. f3 Qd6+ 12. Nf4 h4+ 13. Kh3 Nxe3 14. Bxe3 e5+
15. Kh2 exf4 16. Bf2 h3 17. g4 fxg3+ 18. Bxg3 Qxd4 19. Qe2+ Kf8 20. Rad1 Qf6 21.
Nd5 1-0

[Event "Asian Nations Cup 2016"]
[Site "Abu Dhabi UAE"]
[Date "2016.03.29"]
[Round "2.4"]
[White "Khalifah, Khaled"]
[Black "Amini, Habibullah"]
[Result "0-1"]
[WhiteTitle "CM"]
[WhiteElo "1532"]
[BlackElo "1995"]
[WhiteTeam "UAE - 3"]
[BlackTeam "Afghanistan"]
[WhiteFideId "9312552"]
[BlackFideId "11700777"]
[EventDate "2016.03.28"]
[EventType "team"]

1. d4 Nf6 2. Bf4 e6 3. Nf3 Be7 4. e3 O-O 5. h3 b6 6. Bd3 Bb7 7. O-O d6 8. Re1
Ne4 9. c3 Nd7 10. Qc2 f5 11. Bxe4 Bxe4 12. Qe2 Bb7 13. Nbd2 Nf6 14. Qc4 Bd5 15.
Qe2 Bb7 16. Ng5 Qd7 17. a4 a5 18. Qb5 Bc6 19. Qc4 Nd5 20. Nxe6 Rf6 21. Ng5 Rg6
22. Ngf3 Kh8 23. Bg3 Nf6 24. Nh4 Rg5 25. Nhf3 Rh5 26. b3 Rf8 27. Qd3 Be4 28. Qb5
Qc8 29. Qc4 Bb7 30. Qd3 Ne4 31. Bf4 g5 32. Bg3 Qe6 33. c4 Qg6 34. Kh2 g4 35. Ng1
gxh3 36. Nxh3 Ng5 37. f3 Rg8 38. Rg1 f4 39. Qxg6 fxg3+ 40. Kxg3 Rxg6 41. Nxg5
Rhxg5+ 42. Kf2 Rg3 43. d5 Bh4 44. Kf1 Rg8 45. Ne4 R3g6 46. Ra2 Bc8 47. Rh1 Bg3
48. f4 Re8 49. Ng5 h6 50. Ke2 Bxf4 51. Nh3 Bxe3 52. Kd1 Bg4+ 0-1

[Event "Asian Nations Cup 2016"]
[Site "Abu Dhabi UAE"]
[Date "2016.03.29"]
[Round "2.1"]
[White "Khusenkhojaev, Muhammad"]
[Black "Snoper, Rafat"]
[Result "1-0"]
[WhiteTitle "IM"]
[WhiteElo "2416"]
[BlackElo "1890"]
[WhiteTeam "Tajikistan"]
[BlackTeam "Palestine"]
[WhiteFideId "14700247"]
[BlackFideId "11502150"]
[EventDate "2016.03.28"]
[EventType "team"]

1. Nf3 d5 2. d4 e6 3. c4 Nf6 4. Nc3 c6 5. e3 Nbd7 6. Qc2 Bd6 7. Bd3 h6 8. O-O
O-O 9. Rd1 Bb8 10. b3 Re8 11. Bb2 Qc7 12. Rac1 g5 13. g3 g4 14. Nh4 Qd8 15. e4
Nf8 16. e5 N6h7 17. Qe2 Qg5 18. Rc2 a6 19. c5 Bc7 20. f3 gxf3 21. Qxf3 Bd8 22.
Rf2 Qg7 23. Kh1 Ng5 24. Qh5 b6 25. Rdf1 bxc5 26. Bc1 Ra7 27. Ng2 cxd4 28. Ne2
Qxe5 29. h4 Qg7 30. hxg5 hxg5 31. Nxd4 Rc7 32. Nf3 e5 33. Nxg5 Bxg5 34. Bxg5 Qh8
35. Qxh8+ Kxh8 36. Rxf7 Rxf7 37. Rxf7 Kg8 38. Rc7 e4 39. Be2 Ne6 40. Rxc6 Kf7
41. Bh5+ 1-0

[Event "Asian Nations Cup 2016"]
[Site "Abu Dhabi UAE"]
[Date "2016.03.29"]
[Round "2.4"]
[White "Tamra, Attallah"]
[Black "Antonova, Nadezhda"]
[Result "1-0"]
[WhiteTitle "CM"]
[BlackTitle "WFM"]
[WhiteElo "2058"]
[BlackElo "1956"]
[WhiteTeam "Palestine"]
[BlackTeam "Tajikistan"]
[WhiteFideId "11500255"]
[BlackFideId "14700182"]
[EventDate "2016.03.28"]
[EventType "team"]

1. Nf3 d6 2. d4 Bg4 3. c4 Nd7 4. g3 Bxf3 5. exf3 g6 6. Bg2 Bg7 7. f4 c6 8. O-O
Ngf6 9. Re1 O-O 10. Qb3 Rb8 11. h3 e6 12. Nc3 d5 13. cxd5 cxd5 14. f5 gxf5 15.
Bf4 Rc8 16. Qxb7 Nh5 17. Bd6 Bxd4 18. Bxf8 Nxf8 19. Rad1 Rb8 20. Qa6 Qf6 21. Qd3
Bb6 22. Na4 1-0

[Event "Asian Nations Cup 2016"]
[Site "Abu Dhabi UAE"]
[Date "2016.03.30"]
[Round "3.1"]
[White "Bu, Xiangzhi"]
[Black "Nguyen, Ngoc Truong Son"]
[Result "1-0"]
[WhiteTitle "GM"]
[BlackTitle "GM"]
[WhiteElo "2724"]
[BlackElo "2649"]
[WhiteTeam "China"]
[BlackTeam "Vietnam"]
[WhiteFideId "8601445"]
[BlackFideId "12401110"]
[EventDate "2016.03.28"]
[EventType "team"]

1. Nf3 Nf6 2. c4 e6 3. Nc3 d5 4. d4 c6 5. e3 Nbd7 6. Qc2 Bd6 7. Be2 O-O 8. O-O
dxc4 9. Bxc4 b5 10. Bd3 Bb7 11. Ng5 h6 12. Nge4 Be7 13. Nxf6+ Nxf6 14. Ne4 Nxe4
15. Bxe4 Qb6 16. a3 a5 17. Bd2 b4 18. axb4 axb4 19. Rxa8 Rxa8 20. Rc1 Rc8 21.
Qa4 Kf8 22. Rc4 Ra8 23. Qd1 f5 24. Bf3 Qa6 25. b3 Qa1 26. Rc1 Qb2 27. Rb1 Qa2
28. h3 Kf7 29. Kh2 Ra7 30. e4 c5 31. dxc5 fxe4 32. Bh5+ Kf8 33. Be3 Bc6 34. Qg4
Qxb1 35. Qf4+ Kg8 36. Qb8+ Kh7 37. Qxa7 Qb2 38. Qc7 Bd5 39. c6 Qf6 40. g3 Qf8
41. Qb6 Bd6 42. c7 Be5 43. Be2 Bxb3 44. Ba6 Bxc7 45. Qxc7 Bd5 46. Bd4 b3 47. Kg1 1-0

[Event "Asian Nations Cup 2016"]
[Site "Abu Dhabi UAE"]
[Date "2016.03.30"]
[Round "3.2"]
[White "Nguyen, Huynh Minh Huy"]
[Black "Wang, Yue"]
[Result "1/2-1/2"]
[WhiteTitle "GM"]
[BlackTitle "GM"]
[WhiteElo "2455"]
[BlackElo "2718"]
[WhiteTeam "Vietnam"]
[BlackTeam "China"]
[WhiteFideId "12401269"]
[BlackFideId "8601429"]
[EventDate "2016.03.28"]
[EventType "team"]

1. d4 Nf6 2. c4 e6 3. Nc3 Bb4 4. Qc2 O-O 5. a3 Bxc3+ 6. Qxc3 b6 7. Bg5 Bb7 8. f3
h6 9. Bh4 d5 10. e3 Nbd7 11. Nh3 Rc8 12. cxd5 Nxd5 13. Bxd8 Nxc3 14. Bh4 Nd5 15.
Bf2 f5 16. Bb5 c6 17. Bd3 c5 18. O-O cxd4 19. exd4 g5 20. Kh1 g4 21. Ng1 Nf4 22.
Bb5 Nf6 23. Rfc1 N6d5 24. g3 a6 25. Bf1 Nh5 26. Bg2 Nhf6 27. Ne2 h5 28. Kg1 a5
29. Rxc8 Rxc8 30. Rc1 Rd8 31. Kf1 Kf7 32. h4 Kg6 33. fxg4 hxg4 34. Bxd5 Nxd5 35.
Ke1 f4 36. Nxf4+ Nxf4 37. gxf4 Rd7 38. Ke2 Bf3+ 39. Ke3 Rd5 40. a4 b5 41. Rc5
bxa4 42. Rxd5 1/2-1/2

[Event "Asian Nations Cup 2016"]
[Site "Abu Dhabi UAE"]
[Date "2016.03.30"]
[Round "3.3"]
[White "Wei, Yi"]
[Black "Dao, Thien Hai"]
[Result "1-0"]
[WhiteTitle "GM"]
[BlackTitle "GM"]
[WhiteElo "2714"]
[BlackElo "2481"]
[WhiteTeam "China"]
[BlackTeam "Vietnam"]
[WhiteFideId "8603405"]
[BlackFideId "12400084"]
[EventDate "2016.03.28"]
[EventType "team"]

1. e4 c5 2. Nf3 d6 3. d4 cxd4 4. Nxd4 Nf6 5. Nc3 a6 6. Bg5 e6 7. f4 Nbd7 8. Qe2
Qc7 9. O-O-O Be7 10. g4 h6 11. Bh4 g5 12. fxg5 Nh7 13. Bg3 hxg5 14. Nf5 exf5 15.
Nd5 Qb8 16. exf5 Ne5 17. Nxe7 Kxe7 18. Rxd6 Qxd6 19. Bxe5 Qd5 20. Bg2 Qxa2 21.
Bd6+ Kxd6 22. Rd1+ Kc7 23. Qe5+ Kb6 24. Qd4+ Ka5 25. Qc5+ b5 26. Qc7+ 1-0

[Event "Asian Nations Cup 2016"]
[Site "Abu Dhabi UAE"]
[Date "2016.03.30"]
[Round "3.4"]
[White "Nguyen, Anh Khoi"]
[Black "Zhou, Jianchao"]
[Result "1/2-1/2"]
[WhiteTitle "FM"]
[BlackTitle "GM"]
[WhiteElo "2412"]
[BlackElo "2612"]
[WhiteTeam "Vietnam"]
[BlackTeam "China"]
[WhiteFideId "12404675"]
[BlackFideId "8603537"]
[EventDate "2016.03.28"]
[EventType "team"]

1. d4 Nf6 2. c4 e6 3. Nc3 Bb4 4. Qc2 d5 5. cxd5 Qxd5 6. Nf3 Qf5 7. Qb3 Nc6 8.
Bd2 O-O 9. h3 a5 10. g4 Qg6 11. Rc1 a4 12. Qc4 Nd5 13. Nb5 Na5 14. Qc2 Qxc2 15.
Rxc2 c6 16. Nc3 a3 17. b3 Bxc3 18. Bxc3 Nxb3 19. e4 Nxc3 20. Rxc3 Na5 21. Rxa3
Rd8 22. Be2 b6 23. O-O Ba6 24. Bxa6 Rxa6 25. Rc1 f6 26. Rxc6 Nxc6 27. Rxa6 Nxd4
28. Nxd4 Rxd4 29. Rxb6 Rxe4 30. a4 Rxa4 31. Rxe6 1/2-1/2

[Event "Asian Nations Cup 2016"]
[Site "Abu Dhabi UAE"]
[Date "2016.03.30"]
[Round "3.1"]
[White "Abdyjapar, Asyl"]
[Black "Ghaem Maghami, Ehsan"]
[Result "0-1"]
[WhiteTitle "IM"]
[BlackTitle "GM"]
[WhiteElo "2385"]
[BlackElo "2549"]
[WhiteTeam "Kyrgyzstan"]
[BlackTeam "Iran"]
[WhiteFideId "13800337"]
[BlackFideId "12500739"]
[EventDate "2016.03.28"]
[EventType "team"]

1. d4 Nf6 2. c4 e6 3. Nc3 Bb4 4. Qc2 d6 5. Nf3 O-O 6. Bd2 Nbd7 7. a3 Bxc3 8.
Bxc3 b6 9. e4 c5 10. dxc5 Nxc5 11. e5 dxe5 12. Rd1 Qe7 13. Nxe5 Bb7 14. b4 Nce4
15. Ba1 a5 16. f3 axb4 17. fxe4 Nxe4 18. Bd3 Qh4+ 19. g3 Nxg3 20. Qf2 Bxh1 21.
hxg3 Qg5 22. axb4 Rxa1 0-1

[Event "Asian Nations Cup 2016"]
[Site "Abu Dhabi UAE"]
[Date "2016.03.30"]
[Round "3.2"]
[White "Darini, Pouria"]
[Black "Tologontegin, Semetey"]
[Result "1/2-1/2"]
[WhiteTitle "GM"]
[BlackTitle "IM"]
[WhiteElo "2496"]
[BlackElo "2370"]
[WhiteTeam "Iran"]
[BlackTeam "Kyrgyzstan"]
[WhiteFideId "12502200"]
[BlackFideId "13800574"]
[EventDate "2016.03.28"]
[EventType "team"]

1. e4 c5 2. Nf3 a6 3. c3 e6 4. d4 d5 5. e5 Nc6 6. a3 Bd7 7. Be2 Rc8 8. b4 cxd4
9. cxd4 Na7 10. O-O Bb5 11. Bb2 Nh6 12. Nc3 Bxe2 13. Qxe2 Qd7 14. Qd1 b6 15. Qd3
Qb7 16. Ne2 Nf5 17. Rac1 Be7 18. g4 Nh6 19. h3 O-O 20. Ng3 Kh8 21. Nd2 Rxc1 22.
Rxc1 Rc8 23. Rxc8+ Qxc8 24. f4 g6 25. Nf3 Nb5 26. Qd2 Qc4 27. f5 Qb3 28. Qxh6
Qxf3 29. f6 Qxg3+ 30. Kf1 Qf3+ 31. Ke1 Bxb4+ 32. axb4 Qh1+ 33. Kd2 Qg2+ 34. Kc1
Qf1+ 35. Kc2 Qe2+ 36. Kc1 Qe1+ 37. Kc2 Qe2+ 38. Kc1 Qe1+ 39. Kc2 1/2-1/2

[Event "Asian Nations Cup 2016"]
[Site "Abu Dhabi UAE"]
[Date "2016.03.30"]
[Round "3.3"]
[White "Taalaibekov, Tagir"]
[Black "Firouzja, Alireza"]
[Result "0-1"]
[WhiteElo "2150"]
[BlackElo "2475"]
[WhiteTeam "Kyrgyzstan"]
[BlackTeam "Iran"]
[WhiteFideId "13801163"]
[BlackFideId "12573981"]
[EventDate "2016.03.28"]
[EventType "team"]

1. d4 Nf6 2. g3 c5 3. d5 b5 4. Bg2 d6 5. c4 bxc4 6. Qc2 Nbd7 7. Na3 Nb6 8. e4
Ba6 9. Nf3 g6 10. Bd2 Bg7 11. Bc3 O-O 12. O-O Qd7 13. Nd2 Na4 14. Naxc4 Nxc3 15.
bxc3 Ne8 16. Rfe1 Nc7 17. a4 e6 18. Bh3 Qd8 19. Ne3 exd5 20. exd5 Re8 21. Bg2 f5
22. f4 Qf6 23. Rac1 Re7 24. Ndc4 Rae8 25. Qd2 Na8 26. Na5 Nb6 27. Nc6 Rf7 28.
Kf2 Rff8 29. Qa2 g5 30. a5 Nc8 31. Qa4 Bh6 32. Nb8 gxf4 33. Ng4 fxg3+ 34. Kxg3
fxg4 35. Qxg4+ Kh8 36. Nc6 0-1

[Event "Asian Nations Cup 2016"]
[Site "Abu Dhabi UAE"]
[Date "2016.03.30"]
[Round "3.4"]
[White "Mosadeghpour, Masoud"]
[Black "Kenenbaev, Aidar"]
[Result "1-0"]
[WhiteTitle "IM"]
[WhiteElo "2481"]
[BlackElo "2042"]
[WhiteTeam "Iran"]
[BlackTeam "Kyrgyzstan"]
[WhiteFideId "12519278"]
[BlackFideId "13801180"]
[EventDate "2016.03.28"]
[EventType "team"]

1. e4 c5 2. Nf3 d6 3. d4 cxd4 4. Nxd4 Nf6 5. Nc3 a6 6. Bg5 e6 7. f4 Be7 8. Qf3
Nbd7 9. O-O-O Qc7 10. g4 h6 11. Bxf6 Bxf6 12. h4 Rb8 13. g5 Bxd4 14. Rxd4 Qc5
15. Ne2 b5 16. Bh3 Nb6 17. Rhd1 Nc4 18. e5 Bb7 19. Qc3 d5 20. g6 b4 21. Qd3 Bc8
22. gxf7+ Kf8 23. Rxc4 1-0

[Event "Asian Nations Cup 2016"]
[Site "Abu Dhabi UAE"]
[Date "2016.03.30"]
[Round "3.1"]
[White "Jumabayev, Rinat"]
[Black "Adhiban, Baskaran"]
[Result "1/2-1/2"]
[WhiteTitle "GM"]
[BlackTitle "GM"]
[WhiteElo "2607"]
[BlackElo "2663"]
[WhiteTeam "Kazakhstan"]
[BlackTeam "India"]
[WhiteFideId "13702661"]
[BlackFideId "5018471"]
[EventDate "2016.03.28"]
[EventType "team"]

1. d4 d5 2. c4 c6 3. Nf3 Nf6 4. e3 Bg4 5. h3 Bh5 6. Nc3 e6 7. Qb3 Qb6 8. Ne5
Nbd7 9. g4 Bg6 10. Nxg6 hxg6 11. Bg2 g5 12. Bd2 Be7 13. O-O-O Qxb3 14. axb3
O-O-O 15. e4 Nxe4 16. Nxe4 dxe4 17. Bxe4 e5 18. Ba5 b6 19. Bc3 exd4 20. Bxd4 Bf6
21. Bxf6 gxf6 22. Bxc6 Nc5 23. Rxd8+ Rxd8 24. Kc2 Nd3 25. Kc3 Nf4 26. Be4 Ne2+
27. Kb4 a5+ 28. Kb5 Kc7 29. Bd5 Nd4+ 30. Ka4 Re8 31. b4 Re2 32. Rd1 Ne6 33. Rb1
axb4 34. Kxb4 Rxf2 35. b3 Nc5 36. Kb5 f5 37. gxf5 Rxf5 38. Ra1 Nxb3 39. Ra7+ Kd6
40. Kxb6 Nc5 41. Rxf7 Rxf7 42. Bxf7 Nd7+ 43. Kb5 Nc5 44. Bg6 Ne6 45. Kb6 Nc5 46.
Bf5 Nb3 47. Bg4 Nc5 48. Kb5 Ne4 49. Kb4 Nc5 50. Kc3 Ke5 51. Bc8 Ne4+ 52. Kb4 Kd6 1/2-1/2